000
00269nam a2200121Ia 4500
008
190216s9999||||xx |||||||||||||| ||und||
100
_a
Ranjit Singh
245
0
_a
Fruits
260
_b
National Book Trust India
_c
1969
300
_a
213p
650
_a
Botany
942
_c
BK
999
_c
1134
_d
1134